000 00448nam a2200181Ia 4500
001 22388
005 20260414150828.0
008 260414t2008||||xx |||||||||||||| ||spa||
041 _aESP
082 _a621.38043
_bP19
100 _aPallás Areny, Ramón
_eAUT
245 0 _aSensores y acondicionadores de señal
_b
260 _c2008
300 _axiv, 480 páginas :
_c24 cm.
650 _aTCA
654 _aCET
942 _cLIB
_dJUS
_fJUS
_2ddc
_n
999 _c22388
_d22388